Mailing May / (Record no. 136)

MARC details
000 -LEADER
fixed length control field 01016nam a22003137a 4500
001 - CONTROL NUMBER
control field 136
003 - CONTROL NUMBER IDENTIFIER
control field FISKH
005 - DATE AND TIME OF LATEST TRANSACTION
control field 20250826141319.0
008 - FIXED-LENGTH DATA ELEMENTS--GENERAL INFORMATION
fixed length control field 230228b cb ||||| |||| 00| 0 eng d
040 ## - CATALOGING SOURCE
Original cataloging agency DLC
Transcribing agency DLC
Modifying agency DLC
-- FISKH
Language of cataloging eng
042 ## - AUTHENTICATION CODE
Authentication code lcac
050 00 - LIBRARY OF CONGRESS CALL NUMBER
Classification number PZ7.T825
Item number Mai 1997
082 00 - DEWEY DECIMAL CLASSIFICATION NUMBER
Classification number 804
Edition number 20
100 1# - MAIN ENTRY--PERSONAL NAME
Personal name Tunnell, Michael O.
245 10 - TITLE STATEMENT
Title Mailing May /
Statement of responsibility, etc. Michael O. Tunnell ; illustrated by Ted Rand.
250 ## - EDITION STATEMENT
Edition statement 1st ed.
260 ## - PUBLICATION, DISTRIBUTION, ETC.
Place of publication, distribution, etc. New York
Name of publisher, distributor, etc. Scholastic
Date of publication, distribution, etc. 1997
300 ## - PHYSICAL DESCRIPTION
Extent 16 leaves of plates
Other physical details col. ill. ;
Dimensions 23 x 28 cm.
505 ## - FORMATTED CONTENTS NOTE
Formatted contents note M
520 ## - SUMMARY, ETC.
Summary, etc. In 1914, because her family cannot afford a train ticket to her grandmother's town, May gets mailed and rides the mail car on the train to see her grandmother.
521 8# - TARGET AUDIENCE NOTE
Target audience note 770
Source Lexile
521 8# - TARGET AUDIENCE NOTE
Target audience note M
Source Raz-Plus
650 #1 - SUBJECT ADDED ENTRY--TOPICAL TERM
Topical term or geographic name entry element Postal service
General subdivision Fiction.
650 #1 - SUBJECT ADDED ENTRY--TOPICAL TERM
Topical term or geographic name entry element Railroads
General subdivision Fiction.
650 #1 - SUBJECT ADDED ENTRY--TOPICAL TERM
Topical term or geographic name entry element Grandmothers
General subdivision Fiction.
700 1# - ADDED ENTRY--PERSONAL NAME
Personal name Rand, Ted,
Relator term ill.
906 ## - LOCAL DATA ELEMENT F, LDF (RLIN)
a 7
b cbc
c orignew
d 1
e ocip
f 19
g y-gencatlg
942 ## - ADDED ENTRY ELEMENTS (KOHA)
Source of classification or shelving scheme Library of Congress Classification
Koha item type Books
Suppress in OPAC No
Holdings
Withdrawn status Lost status Source of classification or shelving scheme Damaged status Not for loan Collection Home library Current library Shelving location Date acquired Total Checkouts Full call number Barcode Date last seen Date last checked out Price effective from Koha item type Copy number
    Library of Congress Classification     Juvenile Fiction Footprints International School Library Network Toul Kork Campus Footprints International School Library Network Toul Kork Campus TK Primary Library Room(4th Floor), Bookcase 5&6, Shelves 33-56, Orange Books 02/28/2023 1 TUN 804 PZ7.T825 FISTK02288 11/23/2023 11/02/2023 02/28/2023 Books  
    Library of Congress Classification     Juvenile Fiction Footprints International School Library Network Toul Tom Poung Campus Footprints International School Library Network Toul Tom Poung Campus TTP Primary Orange Bookshelves 08/26/2025   TUN 804 PZ7.T825 FIS02221 08/26/2025   08/26/2025 Books 2